| 000 | 00699nam a2200193 i 4500 | ||
|---|---|---|---|
| 001 | 99574 | ||
| 003 | ES-MaACL | ||
| 005 | 20230906182523.0 | ||
| 007 | t| | ||
| 008 | 050913s1961 sp ||||1| spa d | ||
| 100 | 1 |
_aMartínez-Barbeito, Carlos, _d1913-1997 _977884 |
|
| 245 | 1 | 0 |
_aDon Domingo de Nóvoa, médico y farmacéutico gallego del siglo XVIII / _cpor Carlos Martínez Barbeito. |
| 260 |
_aMadrid : _bC. Bermejo, _c1961. |
||
| 300 |
_a42 h. ; _c24 cm. |
||
| 500 | _aEs tirada aparte de Cuadernos de Estudios Gallegos.- Fasc. XLVIII.- pág.87-128. | ||
| 600 | 1 | 4 |
_aNovoa Gándara y Feijo, Domingo Antonio. _9157711 |
| 852 |
_aES-MaACL _j2022-F-20 _bR.48978 |
||
| 999 |
_c99574 _d99574 |
||